000 00643cam a2200241 4500500
005 20260405002610.0
041 _afre
042 _adc
100 1 0 _aOrtoli, Sven
_eauthor
245 0 0 _aMenu végane
260 _c2017.
500 _a31
690 _aAlimentation
690 _aChair
690 _aVegan
690 _aVégane
690 _aVéganisme
690 _aVégéta
690 _aVégétarisme
690 _aViande
786 0 _nPhilosophie magazine | 115 | 12-1 | 2017-12-01 | p. 9-9 | 1951-1787
856 4 1 _uhttps://shs.cairn.info/magazine-philosophie-magazine-2017-12-1-page-9?lang=fr&redirect-ssocas=7080
999 _c2059176
_d2059176